00527pam a2200169 a 4500020001500000082001200015100002800027245002400055250001300079260003100092300005300123500002000176650002400196700001700220856006500237856005500302 a047155223200a547 SOL1 aSolomons, T. W. Graham.10aOrganic chemistry / a5th ed.  aNew York :bWiley,cc1992. a1 v. (various pagings) :1181bill. (some col.) ; aIncludes index. 0aChemistry, Organic. aFryhle,Craig42uhttp://www.loc.gov/catdir/description/wiley032/96022583.html4 uhttp://www.loc.gov/catdir/toc/onix03/96022583.html